| 000 | 02041cam a22003135a 4500 | ||
|---|---|---|---|
| 001 | L137285 | ||
| 008 | 110901s2007 xxk f 000 0 eng d | ||
| 035 | _a(Sirsi) u137285 | ||
| 041 | 0 | _aeng | |
| 050 | 0 | 4 | _a696.9 $2 18 |
| 100 | 1 | _aCourtney, Roger | |
| 245 | 0 | 0 |
_aTowards zero carbon housing _blessons from Northern Europe _breport of a DTI global watch mission November-December 2006 _h[electronic resource] |
| 260 |
_aMelton Mowbray _bPera _c2007 |
||
| 300 |
_a68p. _bill. _c30cm. |
||
| 490 | 0 |
_aDTI Global Watch Mission Report _vNovember-December 2006 |
|
| 505 | 2 | _aExecutive summary -- Introduction -- Energy supply and institutional factors -- Design of very low energy housing -- Energy efficient refurbishment -- Performance of low energy housing -- New technologies for saving and supplying energy in housing -- Findings -- Appendices | |
| 520 | _aExamines the technologies and design principles used in Denmark, Sweden and Germany for reducing energy use and greenhouse gas emissions in new and existing housing. Considers how these green building solutions could influence future housing design and energy systems in the UK. The experience in these countries shows that there are no technical barriers to the construction of low-rise housing of conventional appearance but with very low energy demand for space heating. New energy related technologies used include heat pumps, micro CHP, heat storage materials, and high performance insulation. | ||
| 590 | _aKA | ||
| 650 | 2 | 4 | _aGREEN BUILDINGS |
| 651 | 4 | _aEurope | |
| 690 | _aBUILT ENVIRONMENT-SUSTAINABLE CONSTRUCTION | ||
| 690 | _aENVIRONMENTAL AND LAND CONSULTANCY-ENERGY-ENERGY USE-ENERGY EFFICIENCY | ||
| 700 | 1 | _aVenables, Tim | |
| 700 | 1 | _aWing, Robert | |
| 710 | 1 |
_aUnited Kingdom _bDepartment of Trade and Industry |
|
| 710 | 2 |
_aConstruction Industry Research and Information Association _94810 |
|
| 856 | 4 | 8 |
_uhttps://www.ciria.org.uk/downloads/01/dti_global_mission_watch_report.pdf _zView the report free of charge at www.ciria.org.uk |
| 942 | _n0 | ||
| 999 |
_c106714 _d106714 |
||